000 00303nam a2200133Ia 4500
008 200103s9999||||xx |||||||||||||| ||und||
040 _aIMU-MPC
082 _aColumn-42
100 _aRazmakhnin, M.
245 0 _aRadar Made Easy
260 _bMir Publishers, Moscow
_c1977
300 _a136
942 _cBK
999 _c8674
_d8674